000 00396nam a2200157Ia 4500
005 20250423101209.0
008 250422s9999 xx 000 0 und d
020 _a978-1-4390-8173-0
100 _aJanda, Kenneth
245 4 _aThe challenge of democracy : American Government In Global World
250 _a10th ed>
260 _bWadsworth
260 _c2009
300 _a647 p
942 _cBK
999 _c35583
_d35583